000 01752cad a22002895a 4500
001 L150276
008 100618s2010 xxk f 000 0 eng d
020 _a 9781842195987
035 _a(Sirsi) u150276
041 0 _aeng
110 2 _aRoyal Institution of Chartered Surveyors
_94900
245 0 0 _aValuation of land for affordable housing
_bRICS guidance note
_h[electronic resource]
250 _a1st ed
260 _aCoventry
_bRICS
_c2010
490 0 _aRICS Guidance Note
490 0 _aRICS Practice Standards UK
520 _aSuperseded by 2nd ed. 9781783211470 - 28/04/2016.
520 _aAims to assist practitioners in the approach to the valuation of affordable housing development land. The focus is on the valuation of land for housing and flats but the principles are broadly adaptable for other types of affordable housing, such as special needs and sheltered housing accommodation. Looks at what is affordable housing, establishing the facts, valuing by the comparison method, valuing by the residual method, establishing the GDV, external subsidies, Section 106 affordable units, internal and cross subsidy, establishing the development costs, affordable housing delivered outside the HCA's regulatory framework, establishing the land value and reporting the valuation and assessing development potential. Effective from 1 June 2010.
521 _aAdvanced
590 _aKA
650 2 4 _aAffordable housing
_96215
651 4 _aEngland and Wales
_y1543-
690 _aValuation
_96273
690 _aLAND
856 4 1 _uhttps://www.isurv.com/downloads/file/6827/archive_valuation_of_land_for_affordable_housing_1st_edition_may_2010-april_2016
_zArchived edition available on iSurv (subscription required)
942 _n0
_2ddc
999 _c110814
_d110814